| 000 | 00571nam a22001817a 4500 | ||
|---|---|---|---|
| 005 | 20251108174553.0 | ||
| 008 | 250721s2008 xx 000 0 ara d | ||
| 082 | 1 | 4 | _a216.25/فقي |
| 100 | 1 |
_aالفقير، نوح مصطفى _eمؤلف |
|
| 245 | 1 | 0 | _aكيف تعتمر كما اعتمر النبي صلى الله عليه و سلم ؟ / |
| 264 | 1 |
_aعمان : _bالفقير، _c2008. |
|
| 300 | _a80 ص. | ||
| 650 | 1 | 7 | _aالفقه الاسلامي |
| 650 | 1 | 7 | _aالعمره |
| 650 | 1 | 7 | _aالشعاار الدينيه |
| 942 |
_2ddc _cBK |
||
| 999 |
_c112539 _d112539 |
||